000
00262nam a22001217a 4500
003
SGT
082
_a
346.0484
_b
BAR
100
_a
BARE ACT
245
_a
THE DESIGN ACT 2000
260
_a
GURGAON
_b
UNIVERSAL/LEXIS NEXIS
_c
2023
300
_a
V ,60
942
_2
ddc
_c
BK
999
_c
23968
_d
23968